NLSUI OPAC header image

Battles over nature : Science and the politics of conservation (Record no. 21377)

MARC details
000 -LEADER
fixed length control field 02007nam a2200217Ia 4500
003 - CONTROL NUMBER IDENTIFIER
control field OSt
005 - DATE AND TIME OF LATEST TRANSACTION
control field 20210928125834.0
008 - FIXED-LENGTH DATA ELEMENTS--GENERAL INFORMATION
fixed length control field 160316s2003 xxu||||| |||| 00| 0 eng d
020 ## - INTERNATIONAL STANDARD BOOK NUMBER
International Standard Book Number 9788178240480
040 ## - CATALOGING SOURCE
Transcribing agency n
082 ## - DEWEY DECIMAL CLASSIFICATION NUMBER
Classification number 344.046000
Item number SAB
100 ## - MAIN ENTRY--PERSONAL NAME
Personal name Saberwal Vasant K
245 ## - TITLE STATEMENT
Title Battles over nature : Science and the politics of conservation
260 ## - PUBLICATION, DISTRIBUTION, ETC.
Place of publication, distribution, etc. Delhi
Name of publisher, distributor, etc. Permanent Black
Date of publication, distribution, etc. 2003
300 ## - PHYSICAL DESCRIPTION
Extent 412p
Dimensions ix
365 ## - TRADE PRICE
Price amount Rs.695
505 ## - FORMATTED CONTENTS NOTE
Formatted contents note Contents: <br/>Part I: Biological imperatives : Why big, fierce animals are threatened : conserving large mammals in densely populated landscapes / M.D. Madhusudan and Charudutt Mishra;<br/>The anatomy of ignorance or ecology in a fragmented landscape : do we know what really counts? / Renee Borges;<br/>Ecology and objective based management : case study of the Keoladeo National Park, Bharatpur, Rajasthan / Beth Middleton;<br/>Conservation outside protected areas : case study of bustard protection / Asad R. Rahmani;<br/>Part II: The nature of ecological science : The authoritarian biologist and the arrogance of anti-humanism : wildlife conservation in the third world / Ramachandra Guha;<br/>Sustainability and the scientist's burden / Sharachchandra Lele and Richard B. Norgaard;<br/>Part III: Politics and conservation : The politics of ecology : the debate on wildlife and people in India, 1970-95 / Mahesh Rangarajan;<br/>Conservation by state fiat / Vasant K. Saberwal;<br/>Part IV: Community participation : States, communities, and conservation : the practice of ecodevelopment in the Great Himalayan National Park / Amita Baviskar;<br/>Forging a consensus in Rajaji National Park : an interview / B.M.S. Rathore;<br/>Community approaches to conservation : some comparisons from Africa and India / Alan Rodgers, Dawn Hartley and Sultana Bashir;<br/>Reflections on community involvement in conservation / K. Sivaramakrishnan
650 ## - SUBJECT ADDED ENTRY--TOPICAL TERM
Topical term or geographic name entry element 1. Political Ecology2. Nature Conservation - Political Aspects - India
700 ## - ADDED ENTRY--PERSONAL NAME
Personal name Rangarajan Mahesh
--
942 ## - ADDED ENTRY ELEMENTS (KOHA)
Source of classification or shelving scheme Dewey Decimal Classification
Koha item type BOOKs
Holdings
Withdrawn status Lost status Damaged status Not for loan Home library Current library Shelving location Date acquired Cost, normal purchase price Total Checkouts Full call number Barcode Date last seen Date last checked out Price effective from Koha item type
        NLS NLS   30/05/2017 695.00 3 344.046 SAB 19407 27/03/2026 12/12/2025 30/05/2017 BOOKs